Les Cases Provincials de Caritat i de Maternitat i Expòsits de Barcelona / [Junta de Govern de les Cases Provincials de Caritat i de Maternitat i Expòsits]
Descripción Física:
390 p. : il. ; [63] làm., [43] f. amb plànols ; 22 cm
MARC
| LEADER | 00000nam a2200000Ia 4500 | ||
|---|---|---|---|
| 001 | 784 | ||
| 008 | 160829s1918 xx 000 0 cat d | ||
| 080 | |a S-1-136 | ||
| 245 | |a Les Cases Provincials de Caritat i de Maternitat i Expòsits de Barcelona / [Junta de Govern de les Cases Provincials de Caritat i de Maternitat i Expòsits] | ||
| 260 | |a Barcelona : |b Impr. de la Casa de Caritat, |c 1918 | ||
| 300 | |a 390 p. : |b il. ; |c [63] làm., [43] f. amb plànols ; |c 22 cm | ||
| 590 | |a Hi ha dos duplicats a: DUP-13, DUP-14 | ||
| 610 | 0 | |a Casa de Caritat (Barcelona, Catalunya) |9 52406 | |
| 610 | 2 | 0 | |a Casa de Maternitat i Expòsits de Barcelona |9 52670 |
| 710 | |a Casa de Caritat (Barcelona, Catalunya) |9 52406 | ||
| 710 | 2 | |a Casa de Maternitat i Expòsits de Barcelona |9 52670 | |
| 856 | 4 | |u https://media.diba.cat/diba/fitxers/arxiu/mancomunitat/bib_784_1918_web.pdf |y Accés lliure | |
| 901 | |a Arxiu | ||
| 942 | |n 1 | ||
| 952 | |0 0 |1 0 |4 0 |6 S1136 |7 1 |9 43046 |a Arxiu |b Arxiu |d 2016-12-01 |l 0 |o S-1-136 |p 784 |r 2016-12-01 00:00:00 |w 2016-12-01 |y ARXIU | ||
| 999 | |c 45590 |d 45590 | ||